Miami University (OH) Quiz - Statistics

General Stats
  • This quiz has been taken 17 times
  • The average score is 16 of 23
Answer Stats
Hint Answer % Correct
Term for married couples that met at Miami Miami Mergers
100%
What conference does Miami play in? Mid-American Conference
100%
Battle of the Bricks opponent Ohio University
100%
What city is the university located in? Oxford
100%
What is the current mascot? Redhawk
100%
When was Miami University founded? 1809
90%
Superbowl winning quarterback Ben Roethlisberger
90%
Current President of the University Gregory Crawford
90%
Country where the study abroad campus is located Luxembourg
90%
Battle of the Bell opponent University of Cincinnati
90%
Baltimore Ravens John Harbaugh
80%
What Native American tribe is the university named after? Myaamia
80%
Founder of Cintas and namesake of the School of Business Richard T. Farmer
80%
U.S. President Benjamin Harrison
70%
Ohio State University Woody Hayes
70%
Cleveland Browns, Cincinnati Bengals, Ohio State University Paul Brown
60%
Los Angeles Rams Sean Mcvay
60%
Term for the period of University history from 1809-1873 Old Miami
40%
Michigan University Bo Schembechler
30%
South Korean Prime Minister Chung Un-chan
30%
Pulitzer Prize-winning Poet Rita Dove
30%
Incident where students defied faculty's stance against fraternities by packing a main classroom with snow Snowball Rebellion
30%
Co-founder of LinkedIn William Kiefer
20%
No matching quizzes found
Score Distribution
Percent of People with Each Score
Percentile by Number Answered
Your Score History
You have not taken this quiz